000 01008cab a2200193 4500
001 ##L136632
008 070212n2007 000 0 eng u
035 _a(Sirsi) u136632
041 0 _aeng
100 1 _aRawlinson, Simon
245 0 0 _aProcurement
_bemployer's agents
260 _c2007
490 0 _aBuilding
_v272(8466) 9 February 2007, 58-61(4)
520 _aExamines the role of the Employer's Agent (EA), a job that has evolved with the growth in design and build procurement. Highlights the differing roles of cost consultants and project managers as EAs, and outlines the contractual and other duties of an EA. Also covers drafting the employer's requirements, assessing the bid and appointing the contractor, and post-contract administration - the formal role of the EA. Includes a case study and a payment flow chart for design and build.
590 _aKA
651 4 _aUnited Kingdom
_y
690 _aBUILT ENVIRONMENT-CONSTRUCTION MANAGEMENT-BUILDING CONTRACT ADMINISTRATION
942 _n0
999 _c78379
_d78379